000 00582nam a2200181Ia 4500
005 20250508151725.0
008 008 250505s9999 xx 000 0 eng d
037 _aTextual
040 _aFEDL
_beng
_cFEDL
041 _aeng
_2eng
084 _a320, GIB
_qFEDL
100 _aGibberd K.
245 0 _aPeople's government : A book of civics, giving some account of national, local, commonwealth, and international government
260 _aLondon, UK
_bJ. M. Dent and Sons Ltd.
_c1951
300 _axvi,167p.
942 _cTEXL
_h320, GIB
999 _c1331702
_d1331702